header

Endangered animals (Record no. 29261)

MARC details
000 -LEADER
fixed length control field 01337nam a22003374a 4500
082 04 - DEWEY DECIMAL CLASSIFICATION NUMBER
Classification number 333.95/42
245 00 - TITLE STATEMENT
Title Endangered animals
260 ## - PUBLICATION, DISTRIBUTION, ETC. (IMPRINT)
Place of publication Westport, Conn. :
Name of publisher Greenwood Press,
Year of publication 2000.
300 ## - PHYSICAL DESCRIPTION
Number of Pages xviii, 383 p. :
Other physical details ill. (some col.), maps.
650 #0 - SUBJECT ADDED ENTRY--TOPICAL TERM
Topical Term Endangered species.
Topical Term Conservation biology.
Topical Term Rare vertebrates.
Topical Term Wildlife conservation.
700 1# - ADDED ENTRY--PERSONAL NAME
Personal name Reading, Richard P.
Personal name Miller, Brian,
856 40 - ELECTRONIC LOCATION AND ACCESS
Uniform Resource Identifier http://site.ebrary.com/lib/rucke/Doc?id=10017954

No items available.

© 2026 Rongo University
Contact us: librarian | system librarian | Rongo university